01640nam a22001577a 450000500170000000800410001704000250005805000130008324500490009625000120014526000450015730000540020250511860025665000150144270000250145720231113174911.0231113b ||||| |||| 00| 0 eng d aWIUC - GHcWIUC - GH aRD93.W91 aThe wound care handbookcMediline Industries a2nd ed. aMundelein, ILbMediline Industriesc2008 avii, 522 p :bills.;eCD_ROM (inside front cover) aContents: If not us, who? If not now, when? -- The basics of wound care -- Preventing pressure ulcers -- Nutrition and lab values -- The different types of wounds -- Assessment and documentation -- Wound care for pediatric, burn, bariatric and cancer patients -- Debridement -- Using D.I.M.E.S to your advantage -- Wound care algorithm -- Treatment protocols -- Adjunctive therapies -- Tools for wound healing -- Discharge planning -- Infection prevention -- Wound care certification -- How to develop a wound care team -- Grant writing -- Prevalence & incidence -- Legal issues in wound care -- Joint Commission On Accreditation of Healthcare Organizations (Joint Commission) -- Agency for Healthcare Research and Quality (AHRQ) -- National Pressure Ulcer Advisory Panel (NPUAP) -- OASIS in home health care -- Centers for Medicare & Medicaid Services (CMS) --New opportunities to improve pressure ulcer prevention and treatment -- American Medical Directors Association (AMDA) guidelines for pressure ulcers -- Wound, Ostomy, and Continence Nurses Society (WOCN) -- CMS HCPCS guidelines and reimbursement -- Wound care product cross-reference -- Skin care product cross-reference 2Wound care aBaharestani, Mona M.